Statistics for Three Biggest Cities in Each State of Brazil on a Map

Click here to take the quiz!

General Stats

  • This quiz has been taken 76 times
  • The average score is 34 of 79

Answers on the Map

Answers color-coded by a green-red scale on the quiz's map according to % correct below.
 

Answer Stats

State RankPopulationCity% Correct
13,055,149Brasília
98%
16,747,815Rio de Janeiro
98%
12,219,580Manaus
97%
112,325,232São Paulo
97%
12,521,564Belo Horizonte
95%
12,886,698Salvador
95%
12,686,612Fortaleza
94%
11,653,461Recife
94%
11,499,641Belém
91%
11,488,252Porto Alegre
91%
11,948,626Curitiba
88%
1890,480Natal
85%
11,536,097Goiânia
83%
11,108,975São Luís
82%
31,213,792Campinas
75%
2508,826Florianópolis
74%
3341,128Vitória da Conquista
62%
1817,511João Pessoa
60%
11,024,680Maceió
55%
1906,092Campo Grande
54%
2699,097Uberlândia
54%
1618,124Cuiabá
52%
1868,075Teresina
51%
1539,354Porto Velho
49%
1664,908Aracaju
48%
1419,652Boa Vista
48%
1512,902Macapá
48%
21,392,121Guarulhos
46%
1597,658Joinville
45%
1379,590Rio Branco
45%
2575,377Londrina
43%
1306,296Palmas
42%
3361,855Blumenau
40%
3924,624Duque de Caxias
40%
3306,480Santarém
38%
2517,451Caxias do Sul
37%
3391,772Anápolis
35%
2619,609Feira de Santana
34%
3430,157Maringá
34%
21,091,737São Gonçalo
34%
3179,028São José de Ribamar
34%
2411,807Campina Grande
32%
2259,337Imperatriz
32%
3668,949Contagem
29%
2225,495Dourados
29%
2590,146Aparecida de Goiânia
28%
3276,264Juazeiro do Norte
28%
3393,115Olinda
28%
3236,042Rondonópolis
28%
1527,240Serra
28%
2501,325Vila Velha
28%
3123,281Três Lagoas
26%
2535,547Ananindeua
25%
2300,618Mossoró
25%
3109,523Ariquemes
23%
3348,208Canoas
23%
2123,096Santana
23%
2287,526Várzea Grande
23%
2183,381Araguaína
22%
2233,047Arapiraca
22%
289,072Cruzeiro do Sul
22%
3102,701Itacoatiara
22%
2706,867Jaboatão dos Guararapes
22%
2130,009Ji-Paraná
22%
3105,221Lagarto
22%
2115,363Parintins
22%
2153,482Parnaíba
22%
378,431Picos
22%
3383,917Cariacica
20%
2365,212Caucaia
20%
387,545Gurupi
20%
351,362Laranjal do Jari
20%
3267,037Parnamirim
20%
230,782Rorainópolis
20%
3137,349Santa Rita
20%
322,283Caracaraí
18%
2185,706Nossa Senhora do Socorro
18%
375,394Rio Largo
18%
346,511Sena Madureira
18%

Score Distribution

Percentile by Number Answered

Percent of People with Each Score

Your Score History

You have not taken this quiz